Music Quiz

Random Music or Lyrics Quiz

Click the Chorus: True Colors Quiz Stats

 Plays Quiz not verified by Sporcle

Challenge
Share
Tweet
Embed
Score 0/8 Timer 04:00
0 Plays Today
% Correct
I see your true colors
84.9%
Shining through
84.3%
So don't be afraid to let them show
82.7%
And that's why I love you
80.5%
Like a rainbow
80.5%
Your true colors
75.7%
True colors are beautiful
74.1%
But I see your true colors
73%

You're not logged in!

Compare scores with friends on all Sporcle quizzes.
OR
Log In

You Might Also Like...

Show Comments

Extras

Created Sep 22, 2012SourceReportNominate
Tags:Lyrics Quiz, chorus

Top Quizzes Today


Score Distribution

Your Account Isn't Verified!

In order to create a playlist on Sporcle, you need to verify the email address you used during registration. Go to your Sporcle Settings to finish the process.

Report this User

Report this user for behavior that violates our Community Guidelines.

Details: